00287nam a22001097a 4500082002800000100001700028245004000045260003500085300001200120526003700132650000800169 a658.15bLOWcL-13, P-20 aLowe, Gordon aFinance for engineer /cGordon Lowe aUSA :bEmmott & Co Ltd,c1946. a50 p. : a0b0c0d658_150000000000000_LOW aMCE